00724nam a22002177a 4500001001000000003000900010005001700019007000300036008003400039040005400073041001000127072002100137110009700158245013200255260004000387300001000427500001400437650001100451650002200462650002200484BR8404112BR-BrBNA20230928092012.0ta230509b bl.||||| |||| 00| 0 por d aBR-BrBNAbporcBiblioteca Nacional de Agricultura a(Por) aE16b1410b/G5141 aFederacao das Cooperativas de Trigo e Soja do Rio Grande do Sul Ltda., Porto Alegre (Brasil)1 aCusto de producao. Feijao - estimativa 1. safra 1984/85. Lavoura convencional [Rio Grande do Sul, Brasil]bAno 1 - Estudo no. 13 aPorto Alegre, RS (Brasil): c1984.  a24 p. a22 tables aFEIJAO aCUSTO DE PRODUCAO aRIO GRANDE DO SUL